Skąd jest raper? - Statystyki

Ogólne statystyki
  • Ten quiz został rozwiązany 159 razy
  • Średni wynik to 8 z 25
Statystyki odpowiedzi
Hint Odpowiedź % Poprawnych
Bedoes Bydgoszcz
74%
Quebonafide Ciechanów
69%
Taco Hemingway Kair
62%
Mata Wrocław
57%
Kizo Gdańsk
52%
Szpaku Morąg
47%
Peja Poznań
46%
Kubańczyq Stargard
46%
White 2115 Milanówek
36%
Oki Lubin
35%
Żabson Opoczno
34%
Guzior Wrocław
28%
Filipek Milicz
27%
O.S.T.R Łódź
26%
Malik Montana Hamburg
25%
Kali Kraków
25%
Białas Teresin
25%
Sarius Częstochowa
21%
chivas Łódź
21%
Bober Bielsko-Biała
18%
Reto Piastów
15%
QRY Jasło
12%
olszakumpel Płock
12%
Popek Legnica
10%
Gedz Malbork
7%
Nie znaleziono quizów pasujących do podanych kryteriów
Rozkład punktacji
Procent ludzi z każdym wynikiem
Percentyl według liczby udzielonych odpowiedzi
Twoja historia wyników
Nie rozwiązałeś tego quizu